01002cam a22002777a 45000010009000000050017000090080041000260100015000670200015000820200018000970400028001150820021001431000025001642450061001892460026002502600075002763000053003515000024004045040027004286500033004556530032004886550024005209420020005449990017005649520143005811380398120201128021153.0041202t2005 xxuadk frb 001 0 eng d a2004304438 a0131491792 a9780131491793 aNEDcNEDdDLCdEG-ScBUE00222a004.22 bCOM1 aComer, Douglas9381710aEssentials of computer architecture /cDouglas E. Comer.34aComputer architecture aUpper Saddle River, United States :bPearson / Prentice Hall,cc.2005. axxiii, 369 p. :bcharts, forms, tables ;c25 cm. aIndex : p. 361-369. aBibliography : p. 359. 0a Computer architecture92654 bENGELCbCOMSCIcJanuary2015 vreading book934232 2ddck004.22 COM c18838d18810 00102ddc40708BaccahaMAINbMAINcLOWd2015-01-06epurchaseg909.00h21291l0o004.22 COMp000037255r2025-07-15 00:00:00v1136.00yBB